[Event "35th European Club Cup 2019"]
[Site "Ulcinj"]
[Date "2019.11.14"]
[Round "5.6"]
[White "Greenfeld, Alon"]
[Black "Moingt, Jean-Claude"]
[Result "1-0"]
[WhiteElo "2513"]
[BlackElo "2127"]
[Annotator "ChessBase"]
[PlyCount "73"]
[EventDate "2019.11.10"]
[EventType "team-tourn"]
[EventCountry "MNE"]
[SourceTitle "playchess.com"]
[Source "ChessBase"]
[SourceQuality "1"]
[WhiteTeam "Beer Sheva"]
[BlackTeam "Asnieres"]
[TimeControl "40/5400+30:1800+30"]

1. d4 Nf6 2. Nf3 c5 3. d5 b5 4. Bg5 Qb6 5. e3 d6 6. a4 b4 7. a5 Qb7 8. Bc4 g6 9. a6 Qc7 10. c3 Bg7 11. O-O Nbd7 12. Nbd2 O-O 13. e4 Nb6 14. Bb5 Bd7 15. Bxd7 Nbxd7 16. Qe2 bxc3 17. bxc3 h6 18. Bh4 Nb6 19. Rab1 Rab8 20. Qd3 g5 21. Bg3 Nh5 22. Rfc1 Nxg3 23. hxg3 Qc8 24. Nf1 Rd8 25. Ne3 e6 26. dxe6 Qxe6 27. Nf5 d5 28. exd5 Rxd5 29. Qxd5 Nxd5 30. Rxb8+ Kh7 31. Nxg7 Kxg7 32. Rd8 Nc7 33. Re1 Qf6 34. Rd7 Nxa6 35. Ne5 Kg8 36. Nxf7 Kg7 37. Nxg5+ 1-0

[Event "35th European Club Cup 2019"]
[Site "Ulcinj"]
[Date "2019.11.14"]
[Round "5.6"]
[White "Ahmadzada, Ahmad"]
[Black "Brunello, Sabino"]
[Result "1-0"]
[WhiteElo "2406"]
[BlackElo "2549"]
[Annotator "ChessBase"]
[PlyCount "77"]
[EventDate "2019.11.10"]
[EventType "team-tourn"]
[EventCountry "MNE"]
[SourceTitle "playchess.com"]
[Source "ChessBase"]
[SourceQuality "1"]
[WhiteTeam "Vugar Gashimov"]
[BlackTeam "Padova"]
[TimeControl "40/5400+30:1800+30"]

1. e4 {[%emt 0:00:00]} e5 {[%emt 0:00:00]} 2. Nf3 {[%emt 0:00:00]} Nc6 {[%emt 0:00:00]} 3. Bb5 {[%emt 0:00:00]} a6 {[%emt 0:00:09]} 4. Ba4 {[%emt 0:00:00]} Nf6 {[%emt 0:00:19]} 5. O-O {[%emt 0:00:01]} Be7 {[%emt 0:00:13]} 6. Bxc6 {[%emt 0:00:09]} dxc6 {[%emt 0:00:50]} 7. d3 {[%emt 0:00:08]} Nd7 {[%emt 0:01:54]} 8. b3 {[%emt 0:00:07]} c5 {[%emt 0:11:21]} 9. Bb2 {[%emt 0:00:06]} Bd6 {[%emt 0:02:48]} 10. Nbd2 {[%emt 0:00:08]} O-O {[%emt 0:16:30]} 11. Nc4 {[%emt 0:01:17]} Re8 {[%emt 0:00:34]} 12. Nxd6 {[%emt 0:04:05]} cxd6 {[%emt 0:00:02]} 13. Nd2 {[%emt 0:00:17]} Nf8 {[%emt 0:09:44]} 14. f4 {[%emt 0:03:06]} exf4 {[%emt 0:00:14]} 15. Rxf4 {[%emt 0:00:07]} Ng6 {[%emt 0:00:04]} 16. Rf2 {[%emt 0:01:57]} b5 {[%emt 0:03:26]} 17. Qh5 {[%emt 0:06:22]} Be6 {[%emt 0:06:01]} 18. Raf1 {[%emt 0:06:51]} h6 {[%emt 0:07:36]} 19. Nf3 {[%emt 0:08:41]} a5 {[%emt 0:14:46]} 20. d4 {[%emt 0:09:06]} Qd7 {[%emt 0:16:38]} 21. dxc5 {[%emt 0:03:17]} Bg4 {[%emt 0:01:37]} 22. c6 {[%emt 0:03:02]} Bxh5 {[%emt 0:02:11]} 23. cxd7 {[%emt 0:00:06]} Rxe4 {[%emt 0:00:47]} 24. Nd4 {[%emt 0:00:48]} Nf8 {[%emt 0:01:44]} 25. Nxb5 {[%emt 0:01:34]} Nxd7 {[%emt 0:00:24]} 26. Nxd6 {[%emt 0:00:28]} Re6 {[%emt 0:00:23]} 27. Nxf7 {[%emt 0:03:12]} Rf8 {[%emt 0:01:51]} 28. Rd2 {[%emt 0:00:05]} Nc5 {[%emt 0:01:19]} 29. Rd5 {[%emt 0:03:59]} Bxf7 {[%emt 0:00:32]} 30. Rxc5 {[%emt 0:00:06]} Bg6 {[%emt 0:00:30]} 31. Rxf8+ {[%emt 0:01:18]} Kxf8 {[%emt 0:00:01]} 32. Rc7 {[%emt 0:00:37]} Re2 {[%emt 0:00:47]} 33. Kf1 {[%emt 0:01:12]} Rxc2 {[%emt 0:00:25]} 34. Bxg7+ {[%emt 0:00:07]} Ke8 {[%emt 0:00:07]} 35. Rxc2 {[%emt 0:00:36]} Bxc2 {[%emt 0:00:04]} 36. Bxh6 {[%emt 0:00:06]} Bb1 {[%emt 0:00:03]} 37. a3 {[%emt 0:00:12]} Ba2 {[%emt 0:00:03]} 38. b4 {[%emt 0:00:06]} axb4 {[%emt 0:00:04]} 39. axb4 {[%emt 0:00:05]} 1-0

[Event "35th European Club Cup 2019"]
[Site "Ulcinj"]
[Date "2019.11.14"]
[Round "5.6"]
[White "Bratkovic, Sham"]
[Black "Sychev, Klementy"]
[Result "0-1"]
[WhiteElo "2232"]
[BlackElo "2578"]
[Annotator "ChessBase"]
[PlyCount "70"]
[EventDate "2019.11.10"]
[EventType "team-tourn"]
[EventCountry "MNE"]
[SourceTitle "playchess.com"]
[Source "ChessBase"]
[SourceQuality "1"]
[WhiteTeam "Maribor"]
[BlackTeam "Law & Order"]
[TimeControl "40/5400+30:1800+30"]

1. d4 {[%emt 0:00:50]} e6 {[%emt 0:00:55]} 2. c4 {[%emt 0:01:44]} b6 {[%emt 0:01:09]} 3. Nc3 {[%emt 0:02:31]} Bb7 {[%emt 0:00:46]} 4. e4 {[%emt 0:01:51]} Bb4 {[%emt 0:00:14]} 5. Bd3 {[%emt 0:03:39]} f5 {[%emt 0:02:16]} 6. Qe2 {[%emt 0:07:12]} Nf6 {[%emt 0:01:58]} 7. Bg5 {[%emt 0:07:19]} fxe4 {[%emt 0:01:48]} 8. Bxe4 {[%emt 0:07:43]} Bxe4 {[%emt 0:00:47]} 9. Bxf6 {[%emt 0:00:11]} Qxf6 {[%emt 0:00:05]} 10. Qxe4 {[%emt 0:00:05]} Nc6 {[%emt 0:00:54]} 11. Nf3 {[%emt 0:02:07]} Bxc3+ {[%emt 0:00:19]} 12. bxc3 {[%emt 0:00:07]} O-O {[%emt 0:00:04]} 13. O-O {[%emt 0:01:37]} Qf5 {[%emt 0:00:04]} 14. Qe2 {[%emt 0:04:59]} Rae8 {[%emt 0:11:38]} 15. Rab1 {[%emt 0:05:22]} d6 {[%emt 0:16:52]} 16. Rb5 {[%emt 0:16:45]} Qf4 {[%emt 0:00:12]} 17. Rh5 {[%emt 0:10:53]} Re7 {[%emt 0:15:55]} 18. Rh4 {[%emt 0:05:49]} Qf5 {[%emt 0:00:07]} 19. Re4 {[%emt 0:00:27]} Rfe8 {[%emt 0:00:42]} 20. Re1 {[%emt 0:02:59]} e5 {[%emt 0:15:29]} 21. Qd1 {[%emt 0:02:53]} exd4 {[%emt 0:08:12]} 22. Rxe7 {[%emt 0:00:39]} Rxe7 {[%emt 0:00:18]} 23. Rxe7 {[%emt 0:00:39]} Nxe7 {[%emt 0:00:06]} 24. cxd4 {[%emt 0:00:20]} d5 {[%emt 0:03:16]} 25. Qe1 {[%emt 0:04:18]} Kf8 {[%emt 0:02:50]} 26. cxd5 {[%emt 0:00:56]} Nxd5 {[%emt 0:00:05]} 27. h3 {[%emt 0:00:48]} h6 {[%emt 0:05:13]} 28. Qc1 {[%emt 0:02:41]} Kg8 {[%emt 0:02:03]} 29. Qc6 {[%emt 0:01:51]} Kh7 {[%emt 0:00:50]} 30. Ne5 {[%emt 0:01:44]} Nf4 {[%emt 0:04:10]} 31. Qf3 {[%emt 0:01:39]} c5 {[%emt 0:00:55]} 32. Nc6 {[%emt 0:01:33]} c4 {[%emt 0:00:44]} 33. Ne7 {[%emt 0:00:33]} Nxh3+ {[%emt 0:00:52]} 34. Kf1 {[%emt 0:01:18]} Qb1+ {[%emt 0:00:09]} 35. Ke2 {[%emt 0:00:02]} Ng1+ {[%emt 0:00:07]} 0-1

[Event "35th European Club Cup 2019"]
[Site "Ulcinj"]
[Date "2019.11.14"]
[Round "5.6"]
[White "Duijn, Rob"]
[Black "Piceu, Tom"]
[Result "0-1"]
[WhiteElo "2220"]
[BlackElo "2354"]
[Annotator "NA"]
[PlyCount "33"]
[EventDate "2019.11.10"]
[EventType "team-tourn"]
[EventCountry "MNE"]
[SourceTitle "playchess.com"]
[Source "ChessBase"]
[SourceQuality "1"]
[WhiteTeam "Kennemer Combinatie"]
[BlackTeam "HWP Sas van Gent"]
[TimeControl "40/5400+30:1800+30"]

1. d4 {[%emt 0:00:00]} d5 {[%emt 0:00:00]} 2. Nf3 {[%emt 0:00:04]} e6 {[%emt 0:00:09]} 3. Bg5 {[%emt 0:00:30]} f6 {[%emt 0:00:30]} 4. Bf4 {[%emt 0:00:30]} Bd6 {[%emt 0:00:30]} 5. Bg3 {[%emt 0:00:30]} Ne7 {[%emt 0:00:30]} 6. Nbd2 {[%emt 0:00:30]} c5 {[%emt 0:00:30]} 7. c3 {[%emt 0:00:30]} Nbc6 {[%emt 0:00:30]} 8. Bxd6 {[%emt 0:00:30]} Qxd6 {[%emt 0:00:30]} 9. dxc5 {[%emt 0:00:30]} Qxc5 {[%emt 0:00:30]} 10. e4 {[%emt 0:00:30]} O-O {[%emt 0:00:30]} 11. Nb3 {[%emt 0:00:30]} Qb6 {[%emt 0:00:30]} 12. exd5 {[%emt 0:00:30]} Nxd5 {[%emt 0:00:30]} 13. Bc4 {[%emt 0:00:30]} Nf4 {[%emt 0:00:30]} 14. O-O {[%emt 0:00:30]} Kh8 {[%emt 0:00:30]} 15. Qd6 {[%emt 0:00:30]} Ng6 {[%emt 0:00:30]} 16. Rad1 {[%emt 0:00:30]} e5 {[%emt 0:00:30]} 17. Qc5 {[%emt 0:00:30]} 0-1

[Event "35th European Club Cup 2019"]
[Site "Ulcinj"]
[Date "2019.11.14"]
[Round "5.7"]
[White "Dreev, Aleksey"]
[Black "Schmidek, Emil"]
[Result "1-0"]
[WhiteElo "2671"]
[BlackElo "2394"]
[Annotator "TA"]
[PlyCount "73"]
[EventDate "2019.11.10"]
[EventType "team-tourn"]
[EventCountry "MNE"]
[SourceTitle "playchess.com"]
[Source "ChessBase"]
[SourceQuality "1"]
[WhiteTeam "Moscow Chess Team"]
[BlackTeam "Berlin"]

{[%evp 9,73,21,26,9,15,7,7,2,14,10,15,-5,14,11,20,15,28,27,82,8,13,17,17,14,30,10,8,10,23,7,15,16,65,52,60,65,62,61,69,46,122,103,95,107,159,185,206,154,221,198,480,499,614,428,5261,2728,29990,29991,29992,29993,29993,29992,29993,29990,29994,29995]} 1. d4 Nf6 2. Nf3 e6 3. c4 d5 4. Nc3 a6 5. cxd5 exd5 6. Bf4 {D37: Queen's Gambit Declined: 5 Bf4} (6. Bg5 Be6 7. e3 Nbd7 8. Bd3 c6 9. Qb3 Qb6 10. Qxb6 Nxb6 11. Bxf6 gxf6 12. Nh4 a5 13. O-O-O Bb4 {1-0 (40) So,W (2767)-Demchenko,A (2655) Khanty-Mansiysk 2019}) 6... Bd6 7. Bg3 c6 8. e3 {The position is equal.} Bf5 9. Qb3 b5 10. Be2 O-O 11. Ne5 Qe7 12. Rc1 Rc8 13. O-O Nbd7 $146 {[#]} (13... a5 $11 {remains equal.}) ({Predecessor:} 13... Ra7) 14. Nxd7 (14. Nxc6 $1 $16 Rxc6 15. Nxd5 Nxd5 16. Rxc6 Bxg3 17. hxg3) 14... Nxd7 15. Bxd6 Qxd6 16. Bf3 a5 17. Ne2 a4 18. Qd1 Nb6 19. Ng3 Bg6 20. h4 $36 {[%mdl 2048] White wants to play h5. White is more active.} f6 21. h5 Bf7 22. Qc2 Nc4 23. Rfe1 Qd7 24. e4 g6 (24... Be6 $14) 25. b3 $16 axb3 26. axb3 {Threatens to win with hxg6.} Nd6 {[#]} ({Black should play} 26... Na5) 27. e5 $1 {[%cal Re5d6]} fxe5 28. Rxe5 Qa7 (28... Ne8 $16 {keeps fighting.} 29. hxg6 hxg6) 29. Qd2 $18 Qa2 $2 (29... Qd7 30. Qg5 Qd8) 30. Qf4 Qxb3 31. Re7 {aiming for Qf6.} Qb4 (31... Qa3 $142 32. Rc5 (32. Qh6 Ra7 $11) 32... Re8) 32. h6 Ra4 33. Rd1 {White mates.} Re8 34. Qf6 {[%csl Gh6][%cal Rf6g7]} Kf8 35. Rd7 {[%csl Gh6][%cal Rf6g7]} Re6 36. Qh8+ {[%mdl 64] Double Attack} Bg8 37. Rg7 {Accuracy: White = 84%, Black = 14%.} 1-0

[Event "35th European Club Cup 2019"]
[Site "Ulcinj"]
[Date "2019.11.14"]
[Round "5.7"]
[White "Ponomariov, Ruslan"]
[Black "Dominguez Perez, Leinier"]
[Result "1/2-1/2"]
[WhiteElo "2648"]
[BlackElo "2762"]
[Annotator "TA"]
[PlyCount "61"]
[EventDate "2019.11.10"]
[EventType "team-tourn"]
[EventCountry "MNE"]
[SourceTitle "playchess.com"]
[Source "ChessBase"]
[SourceQuality "1"]
[WhiteTeam "Lysa nad Labem"]
[BlackTeam "Mednyi Vsadnik"]

{[%evp 18,61,9,5,27,20,9,14,4,17,8,10,11,17,13,2,18,7,11,1,5,1,12,0,5,10,1,0,0,0,0,0,0,0,0,0,0,0,0,0,0,0,0,0,0,0]} 1. d4 Nf6 2. c4 e6 3. g3 d5 4. Bg2 Be7 5. Nf3 O-O 6. Nc3 dxc4 7. Ne5 c5 8. dxc5 Qxd1+ 9. Nxd1 Bxc5 10. O-O Nc6 {E06: Closed Catalan: Early deviations} 11. Bxc6 bxc6 {The position is equal.} 12. Be3 Bb6 13. Bxb6 axb6 14. Nc3 Bd7 15. Rfd1 {[#]} Ra7 $146 ({Predecessor:} 15... Rfd8 16. Nxc4 b5 17. Ne5 Be8 18. Rxd8 Rxd8 {1-0 (64) Giri,A (2797)-Jakovenko,D (2719) Shenzhen 2019}) 16. Rd6 Rc8 17. Nxc4 Be8 18. Nxb6 Rb8 19. Nc4 Rb4 $1 {[%cal Rb4c4]} 20. b3 Rxb3 $1 21. axb3 Rxa1+ 22. Rd1 Rxd1+ 23. Nxd1 $11 {[%mdl 4096] Endgame KBN-KNN} Kf8 24. f3 Nd7 25. Nc3 e5 26. Kf2 f6 27. b4 Nb8 28. Nd6 Na6 29. Nxe8 Kxe8 30. b5 cxb5 31. Nxb5 {Accuracy: White = 73%, Black = 89%.} 1/2-1/2

[Event "35th European Club Cup 2019"]
[Site "Ulcinj"]
[Date "2019.11.14"]
[Round "5.7"]
[White "Antoniewski, Rafal"]
[Black "Henderson De La Fuente, Lance"]
[Result "1/2-1/2"]
[WhiteElo "2484"]
[BlackElo "2497"]
[Annotator "TA"]
[PlyCount "37"]
[EventDate "2019.11.10"]
[EventType "team-tourn"]
[EventCountry "MNE"]
[SourceTitle "playchess.com"]
[Source "ChessBase"]
[SourceQuality "1"]
[WhiteTeam "Inbest Dunajov"]
[BlackTeam "Mulhouse"]

{[%evp 25,37,8,14,16,16,13,13,11,17,0,1,0,26,0]} 1. d4 Nf6 2. c4 e6 3. Nf3 b6 4. g3 Bb7 5. Bg2 Be7 6. O-O O-O 7. d5 exd5 8. Nh4 c6 9. cxd5 Nxd5 10. Nf5 Nc7 11. e4 d5 12. Nc3 Bf6 13. exd5 cxd5 14. Bf4 {[#] Strongly threatening Bxc7. E17: Queen's Indian: 4 g3 Bb7 5 Bg2 Be7} Nba6 15. Re1 {[#]} Qd7 $146 ({Predecessor:} 15... Bc8 16. Nd6 Bxc3 17. bxc3 Be6 18. a4 Nc5 19. h4 Qd7 20. a5 Bg4 21. f3 Be6 {0-1 (36) Buhmann,R (2653)-Ponomariov,R (2706) Dortmund 2016}) 16. Bh3 {Black must now prevent Nh6+!} Qd8 $1 17. Bg2 Qd7 18. Bh3 {[#] aiming for Nh6+!} Qd8 $1 19. Bg2 (19. Nd6 $5 {[%cal Rd6b7]} Bc6 20. Rc1 $11) 1/2-1/2

[Event "35th European Club Cup 2019"]
[Site "Ulcinj"]
[Date "2019.11.14"]
[Round "5.7"]
[White "Pijpers, Arthur"]
[Black "Saraci, Nderim"]
[Result "1/2-1/2"]
[WhiteElo "2473"]
[BlackElo "2403"]
[Annotator "RC"]
[PlyCount "118"]
[EventDate "2019.11.10"]
[EventType "team-tourn"]
[EventCountry "MNE"]
[SourceTitle "playchess.com"]
[Source "ChessBase"]
[SourceQuality "1"]
[WhiteTeam "LSG IntelliMagic"]
[BlackTeam "Drejtesia"]
[TimeControl "40/5400+30:1800+30"]

1. e4 {[%emt 0:00:00]} e5 {[%emt 0:00:00]} 2. Nf3 {[%emt 0:00:00]} Nc6 {[%emt 0:00:00]} 3. Bb5 {[%emt 0:00:00]} a6 {[%emt 0:00:03]} 4. Ba4 {[%emt 0:00:00]} g6 {[%emt 0:00:11]} 5. d4 {[%emt 0:00:14]} exd4 {[%emt 0:01:05]} 6. Nxd4 {[%emt 0:00:08]} Bg7 {[%emt 0:11:18]} 7. Nxc6 {[%emt 0:00:17]} dxc6 {[%emt 0:01:05]} 8. Qxd8+ Kxd8 9. O-O {[%emt 0:10:36]} Be6 {[%emt 0:02:04]} 10. c3 {[%emt 0:14:46]} b5 {[%emt 0:09:58]} 11. Bb3 {[%emt 0:01:00]} Bxb3 {[%emt 0:01:00]} 12. axb3 {[%emt 0:00:04]} Nf6 {[%emt 0:00:52]} 13. f3 {[%emt 0:02:23]} Kc8 {[%emt 0:02:06]} 14. Be3 {[%emt 0:08:44]} Nd7 {[%emt 0:03:18]} 15. Bd4 {[%emt 0:08:20]} Bxd4+ {[%emt 0:03:11]} 16. cxd4 {[%emt 0:00:06]} c5 {[%emt 0:06:38]} 17. d5 {[%emt 0:00:56]} Kb7 {[%emt 0:01:41]} 18. Nc3 {[%emt 0:00:52]} Rhe8 {[%emt 0:15:59]} 19. Rad1 {[%emt 0:04:18]} Nb6 {[%emt 0:04:00]} 20. Rfe1 {[%emt 0:05:31]} Rad8 {[%emt 0:04:46]} 21. f4 {[%emt 0:01:58]} Rd7 {[%emt 0:11:28]} 22. Re2 {[%emt 0:06:37]} Red8 {[%emt 0:09:46]} 23. Red2 {[%emt 0:00:30]} Nc8 24. e5 {[%emt 0:14:30]} Ne7 {[%emt 0:07:37]} 25. d6 cxd6 {[%emt 0:00:18]} 26. Ne4 {[%emt 0:00:32]} Kc6 {[%emt 0:02:21]} 27. exd6 {[%emt 0:09:48]} Nc8 {[%emt 0:00:14]} 28. Rc1 {[%emt 0:06:07]} Kb6 29. g4 {[%emt 0:00:05]} f5 {[%emt 0:01:06]} 30. gxf5 {[%emt 0:00:30]} gxf5 {[%emt 0:00:30]} 31. Nxc5 {[%emt 0:00:12]} Rxd6 {[%emt 0:01:01]} 32. Rxd6+ {[%emt 0:00:05]} Rxd6 {[%emt 0:00:29]} 33. Nxa6 {[%emt 0:02:03]} Kxa6 {[%emt 0:01:19]} 34. Rxc8 Rd1+ 35. Kf2 {[%emt 0:00:46]} Rd2+ {[%emt 0:00:18]} 36. Kg3 {[%emt 0:00:04]} Rxb2 {[%emt 0:00:18]} 37. Kh4 {[%emt 0:01:57]} Rxb3 {[%emt 0:01:26]} 38. Kg5 {[%emt 0:00:03]} Rb2 {[%emt 0:00:46]} 39. h4 {[%emt 0:00:25]} Rh2 {[%emt 0:00:23]} 40. Rc6+ Kb7 {[%emt 0:00:00]} 41. Rh6 {[%emt 0:04:38]} Kc7 {[%emt 0:01:36]} 42. Rxh7+ {[%emt 0:01:07]} Kc6 {[%emt 0:00:14]} 43. Rh8 {[%emt 0:08:05]} b4 {[%emt 0:06:26]} 44. h5 {[%emt 0:03:56]} Kc7 {[%emt 0:02:45]} 45. Re8 {[%emt 0:03:49]} b3 {[%emt 0:00:38]} 46. Re3 {[%emt 0:00:46]} b2 {[%emt 0:00:07]} 47. Rb3 {[%emt 0:00:02]} Kd6 {[%emt 0:00:50]} 48. h6 {[%emt 0:01:30]} Ke6 {[%emt 0:00:53]} 49. Rb6+ {[%emt 0:00:07]} Kf7 {[%emt 0:00:10]} 50. Rb7+ {[%emt 0:02:01]} Ke6 {[%emt 0:01:57]} 51. Rb6+ {[%emt 0:00:08]} Kf7 {[%emt 0:00:07]} 52. Rxb2 {[%emt 0:00:20]} Rh1 {[%emt 0:05:05]} 53. Rb7+ {[%emt 0:00:10]} Ke6 {[%emt 0:00:37]} 54. Rb6+ {[%emt 0:00:09]} Kf7 {[%emt 0:00:15]} 55. Rf6+ {[%emt 0:01:36]} Ke7 {[%emt 0:01:24]} 56. Kxf5 {[%emt 0:00:24]} Rh5+ {[%emt 0:00:30]} 57. Kg6 {[%emt 0:00:30]} Rxh6+ {[%emt 0:00:30]} 58. Kxh6 {[%emt 0:00:30]} Kxf6 {[%emt 0:00:30]} 59. f5 {[%emt 0:00:00]} Kxf5 1/2-1/2

[Event "35th European Club Cup 2019"]
[Site "Ulcinj"]
[Date "2019.11.14"]
[Round "5.8"]
[White "Matlakov, Maxim"]
[Black "Yemelin, Vasily"]
[Result "1/2-1/2"]
[WhiteElo "2710"]
[BlackElo "2533"]
[Annotator "TA"]
[PlyCount "112"]
[EventDate "2019.11.10"]
[EventType "team-tourn"]
[EventCountry "MNE"]
[SourceTitle "playchess.com"]
[Source "ChessBase"]
[SourceQuality "1"]
[WhiteTeam "Mednyi Vsadnik"]
[BlackTeam "Lysa nad Labem"]

{[%evp 19,112,39,39,32,34,42,39,29,38,28,56,43,43,52,47,45,44,25,39,36,35,27,131,42,20,28,22,18,22,15,27,37,12,14,22,12,16,0,3,4,5,7,8,0,122,85,85,96,95,25,34,39,22,22,58,52,54,24,36,16,16,16,16,16,16,16,60,16,16,14,15,15,15,16,18,12,13,16,25,0,0,0,28,16,16,0,0,0,0,0,0,0,0,0,12850]} 1. d4 Nf6 2. c4 e6 3. Nf3 b6 4. a3 Ba6 5. Qc2 Bb7 6. Nc3 c5 7. e4 cxd4 8. Nxd4 Nc6 9. Nxc6 Bxc6 10. Bf4 Nh5 11. Be3 {E12: Queen's Indian: Unusual White 4th moves, 4 a3, 4 Nc3 Bb7 5 a3 and 4 Nc3 Bb7} (11. Bd2 Qc7 12. g3 Bc5 13. Bg2 O-O 14. O-O Rac8 15. Rac1 Nf6 16. b4 Be7 17. Qd3 Qb8 18. h3 Rfd8 {1-0 (34) Jobava,B (2717)-Timman,J (2601) Hoogeveen 2014}) 11... Bc5 12. Bxc5 bxc5 13. Qe2 {White is slightly better.} g6 14. Qe3 Qb8 15. O-O-O Qf4 16. Qxf4 Nxf4 17. g3 Nh5 18. Rg1 $146 ({Predecessor:} 18. Bg2 Nf6 19. f3 Rb8 20. Rhe1 e5 21. f4 O-O 22. Bf3 Rfe8 23. Rd6 Kg7 24. Bd1 Re6 {½-½ (24) Lobo,A (1805)-Bolz,J (2295) ICCF email 2016}) 18... Ke7 19. e5 f6 20. f4 g5 (20... fxe5 $11 21. fxe5 Ng7) 21. exf6+ (21. Bg2 $16) 21... Nxf6 $14 22. fxg5 Ng4 $1 23. h4 h6 24. gxh6 Rxh6 25. Re1 Rg8 26. Bg2 Bxg2 27. Rxg2 Nf6 28. Re5 d6 29. Rg5 Rxg5 30. hxg5 $11 {[%mdl 4096] Endgame KRN-KRN} Rh1+ 31. Kc2 Nh7 (31... Ng4 $11 {remains equal.} 32. Re2 Ne5) 32. Ne4 {Hoping for g6.} d5 33. cxd5 exd5 {[#]} 34. Nf2 (34. Nc3 $1 $16) 34... Rh5 $1 35. g6 {And now g4 would win.} Nf6 36. Nd3 Ne4 37. Nf4 Rg5 38. Kd3 Kd6 39. Ke3 Nf6 40. Kf3 Ng4 41. Re2 {Black must now prevent Re6+.} Ne5+ 42. Kg2 a5 43. a4 c4 44. Kh3 d4 {With the idea ...d3.} 45. Re4 d3 $1 {[#] ...Nf3 is the strong threat.} 46. Rd4+ Ke7 47. Rd5 Kf6 48. Kg2 Rg4 49. Kh3 Rg5 50. Kg2 Rg4 51. Rd6+ Kf5 {The position is equal.} 52. Kf2 Nxg6 53. Nxg6 Rxg6 54. Rxg6 Kxg6 55. Ke3 Kf5 56. b3 Ke5 $2 {[%mdl 40960] Accuracy: White = 54%, Black = 68%. . An unexpected result.} (56... cxb3 $11 57. Kxd3 b2) 1/2-1/2

[Event "35th European Club Cup 2019"]
[Site "Ulcinj"]
[Date "2019.11.14"]
[Round "5.8"]
[White "Riff, Jean-Noel"]
[Black "Jurcik, Martin"]
[Result "1/2-1/2"]
[WhiteElo "2514"]
[BlackElo "2358"]
[Annotator "ChessBase"]
[PlyCount "52"]
[EventDate "2019.11.10"]
[EventType "team-tourn"]
[EventCountry "MNE"]
[SourceTitle "playchess.com"]
[Source "ChessBase"]
[SourceQuality "1"]
[WhiteTeam "Mulhouse"]
[BlackTeam "Inbest Dunajov"]
[TimeControl "40/5400+30:1800+30"]

1. e4 e5 2. Nf3 Nc6 3. Bb5 Nf6 4. d3 Bc5 5. c3 O-O 6. O-O Re8 7. Re1 a6 8. Ba4 b5 9. Bb3 d6 10. Nbd2 Bb6 11. Nf1 h6 12. Ng3 Be6 13. d4 Bxb3 14. axb3 d5 15. Nxe5 Nxe5 16. dxe5 Nxe4 17. Nxe4 dxe4 18. Bf4 e3 19. fxe3 Qxd1 20. Raxd1 Red8 21. Kf2 Kf8 22. Ke2 Ke7 23. e4 Ke6 24. Rf1 a5 25. Be3 Bxe3 26. Kxe3 a4 1/2-1/2

[Event "35th European Club Cup 2019"]
[Site "Ulcinj"]
[Date "2019.11.14"]
[Round "5.8"]
[White "Polzin, Rainer"]
[Black "Zvjaginsev, Vadim"]
[Result "1/2-1/2"]
[WhiteElo "2411"]
[BlackElo "2626"]
[Annotator "TA"]
[PlyCount "137"]
[EventDate "2019.11.10"]
[EventType "team-tourn"]
[EventCountry "MNE"]
[SourceTitle "playchess.com"]
[Source "ChessBase"]
[SourceQuality "1"]
[WhiteTeam "Berlin"]
[BlackTeam "Moscow Chess Team"]

{[%evp 9,137,-5,-6,-1,8,-20,-22,-18,-16,-37,-18,-23,-26,-14,-12,-10,-13,-28,-24,-25,-9,-25,-25,-25,-25,-25,-20,-33,-41,-33,-19,-50,-52,-56,-62,-61,-56,-90,-75,-117,-111,-114,-112,-107,-114,-114,-58,-36,-45,-43,-60,-54,-31,-32,-29,-30,-37,-49,-49,-46,-46,-46,-46,-46,-46,-46,-46,-46,-46,-59,-53,-90,-85,-93,-95,-86,-97,-96,-96,-98,-91,-133,-133,-150,-103,-104,-123,-111,-121,-121,-95,-95,-28,-28,-28,-28,-28,-28,-28,-28,-28,-28,0,-28,-28,-28,-8,-8,-8,-8,-8,-8,-8,-8,-8,-8,0,-8,-8,-8,-8,-8,0,0,0,0,0,0,0,0]} 1. e4 c5 2. Nc3 Nc6 3. Bb5 Nd4 4. Bc4 a6 5. Nf3 b5 6. Bd5 {B23: Closed Sicilian: Lines without g3} (6. Bd3 Nc6 7. O-O g6 8. a4 b4 9. Nd5 Bg7 10. c3 e6 11. Re1 Nge7 12. Nxe7 Qxe7 {1-0 (41) Grischuk,A (2772)-Mamedov,R (2709) Huaian 2017}) 6... Rb8 {...e6 is the strong threat.} 7. Nxd4 cxd4 8. Ne2 Nf6 9. Nxd4 Qb6 10. Ne2 Nxd5 11. exd5 Qd6 $146 ({Predecessor:} 11... Bb7 12. Nf4 {0-1 (58) Abdisalimov,A (2391)-Vokhidov,S (2515) Tashkent 2019}) 12. d4 Qxd5 13. O-O e6 14. Nf4 Qf5 15. Re1 {Threatens to win with Re5.} Bd6 16. Qd3 Qxd3 17. Nxd3 Bb7 18. a4 b4 19. Bd2 Bd5 20. Bf4 Bxf4 21. Nxf4 Ba8 22. a5 Ke7 23. Nd3 Rhc8 24. Nc5 {[#]} d6 $1 {[%cal Rd6c5]} 25. Nxa6 Rb5 {aiming for ...Bb7.} 26. Ra4 Rxc2 27. b3 Rc3 (27... Bd5 $17 28. g3 Kd7 29. Nxb4 Bxb3 30. Nxc2 Bxa4) 28. Nxb4 $15 Rxb3 29. Nc2 Rb2 30. Ne3 Rb1 31. Kf1 R5b4 32. Rxb4 Rxb4 $11 {[%mdl 4096] Endgame KRB-KRN} 33. d5 Ra4 34. Nf5+ Kd7 35. dxe6+ fxe6 36. Nxg7 Rg4 37. Nh5 Bxg2+ 38. Ke2 Rg5 39. Nf4 Bb7 40. Kd2 Rxa5 41. Nxe6 Ra2+ 42. Kc3 Rxf2 43. h4 Rf3+ 44. Kd2 Rf6 45. Ng5 {[#]} h6 $1 {[%cal Rh6g5]} 46. Ne4 Rf4 47. Ng3 Bd5 48. h5 Rf2+ 49. Kd3 Rf3+ 50. Re3 {[#]} Bc4+ $1 {[%mdl 512]} 51. Kd4 (51. Kxc4 Rxe3) 51... Rxe3 52. Kxe3 {KB-KN} Ke6 {Strongly threatening ...Ke5.} 53. Kf4 $1 Bd3 54. Ke3 Bc2 55. Kf4 $1 Bd3 56. Ke3 Bh7 {And now ...Ke5 would win.} 57. Kf4 $1 d5 58. Ne2 {The position is equal.} Kf6 59. Nd4 Bd3 60. Ke3 Bf5 {Hoping for ...Bg4.} 61. Kf4 Bd7 {Threatening ...Bc8.} 62. Ne2 Bf5 63. Nd4 Bb1 {With the idea ...Bd3.} 64. Nf3 Ke6 65. Ne5 $1 d4 66. Ng4 Kd5 67. Nxh6 Kc4 68. Nf5 Bxf5 69. Kxf5 {Accuracy: White = 77%, Black = 73%.} 1/2-1/2